000 00312nam a2200121Ia 4500
008 190722s9999 xx 000 0 und d
020 _a978-93-325-5237-1
100 _aJacob Schatz
245 0 _aLearning Swift Programming
260 _aIndia
_bPearson India Education Services
_c2015
300 _a233
942 _cBK
999 _c372
_d372